000 00725nam a2200229Ia 4500
001 10221
003 GE_BSU
008 181216s||||||||xx |||||||||||||| ||und||
040 _cGE_BSU
080 _a821.353.1+821.353.1–32
100 _aლორთქიფანიძე,ნიკო
245 _aრჩეული თხზულებანი. ტ.II
245 _bტ.II
245 _cრედ:ბ.ჟღენტი;ილ.მხატვ:ალ.ვეფხვაძე.
260 _aთბილისი
260 _bსახელგამი
260 _c1953
300 _a522გვ;22სმ.
300 _eილ.
653 _aრჩეული თხზულებანი
942 _cBK
999 _c43490
_d43490